00318nam a2200109Ia 450000500170000000800410001710000190005824500810007726000200015830000100017865000200018820260326235450.0260326s9999||||xx |||||||||||||| ||und|| aSmith W., Alan 0aTurismo en la Planificación integral :b Caso de Panamá /cAlan Smith W. bUniversal Books a75 p. aLATINOAMÉRICA